000 00836nam a2200241 i 4500
001 C2-0218974
003 PPAK
005 20180729134059.0
008 990821s1990 my |||| ||||| | may d
040 _aPPAK
_beng
_cPPAK
_erda
082 0 4 _a297.122
_2 23
090 0 0 _a297.122
_bMOH
_dKK
100 0 _aMohd. Nasir b. Mohd. Zain,
_eauthor
245 1 0 _aTokoh Qari :
_bTuan Haji Abdul Hamid b. Desa peranan dan sumbangannya dalam bacaan Al-Quran di dalam negeri Kedah Darul Aman
264 1 _aBangi, Selangor :
_bUniversiti Kebangsaan Malaysia ,
_c1990/91
300 _axiii, 128 pages ;
_c30 cm
336 _2rdacontent
_atext
337 _2rdamedia
_aunmediated
338 _2rdacarrier
_avolume
500 _aTesis - Latihan ilmiah ijazah SarjanaMuda pengajian Islam.
650 1 0 _aKoran - Islamic history.
942 _ddc
_cB
999 _c161664
_d161664